Swansea City Top Goalscorers of All Time - Statistics

General Stats
  • This quiz has been taken 11 times
  • The average score is 18 of 50
Answer Stats
Player APP Goals % Correct
Michu 67 28
89%
Joe Allen 222 11
78%
Lee Trundle 199 92
78%
Gylfi Sigurdsson 131 37
67%
Joel Piroe 96 46
67%
Alan Curtis 77 21
56%
Andre Ayew 141 47
56%
Jordan Ayew 58 12
56%
Leighton James 67 12
56%
Matt Grimes 333 16
56%
Robbie James 106 31
56%
Wayne Routledge 305 33
56%
Wilfried Bony 96 39
56%
Ashley Williams 352 14
44%
Connor Roberts 152 11
44%
Fernando Llorente 35 15
44%
Jason Scotland 105 52
44%
Jay Fulton 283 16
44%
Leon Britton 508 18
44%
Liam Cullen 157 31
44%
Nathan Dyer 347 38
44%
Oli McBurnie 62 26
44%
Scott Sinclair 91 36
44%
Danny Graham 62 21
33%
Jamal Lowe 93 23
33%
Jamie Paterson 109 17
33%
Jonathan de Guzman 93 15
33%
Rhian Brewster 22 11
33%
Stephen Dobbie 67 14
33%
Adebayo Akinfenwa 78 21
22%
Andy Robinson 231 56
22%
Bafetimbi Gomes 71 17
22%
Darren Pratley 199 31
22%
Jeremy Charles 70 13
22%
Jordi Gomez 51 14
22%
Michael Obafemi 52 15
22%
Olivier Ntcham 82 12
22%
Sung-yueng Ki 162 12
22%
Adrian Forbes 90 12
11%
Bob Latchford 83 33
11%
Brayley Reynolds 21 13
11%
Ferrie Bodde 59 15
11%
Giovanni Savarese 31 12
11%
Guillem Bauza 68 16
11%
Kevin Nugent 67 14
11%
Leon Knight 37 20
11%
Luke Moore 61 11
11%
Paul Connor 79 20
11%
Rory Fallon 51 14
11%
Thomas Butler 145 11
11%
No matching quizzes found
Score Distribution
Percent of People with Each Score
Percentile by Number Answered
Your Score History
You have not taken this quiz